000 00438nam a2200181Ia 4500
008 090124s9999 xx 000 0 und d
082 _b121216
100 _aहरकारे अरुण
245 _a कसब
250 _a1
260 _c1985
300 _a188
600 _aहरकारे अरुण
630 _a कसब
700 _aहरकारे अरुण
730 _a कसब
942 _cBOOK
999 _c167302
_d167302